[Event "XXV Festival Conca della Presolana A"]
[Site "Bratto - Castione della Presolana ITA"]
[Date "2005.08.20"]
[Round "1"]
[White "Sanchez, Joseph"]
[Black "Rorato, Renzo"]
[Result "1/2-1/2"]
[WhiteElo "2452"]
[BlackElo "2120"]
[PlyCount "127"]
[EventDate "2005.08.20"]

1. e4 c5 2. Nc3 d6 3. Nf3 Nf6 4. d4 cxd4 5. Nxd4 a6 6. Be3 e6 7. g4 Nc6 8. g5
Nd7 9. h4 Be7 10. Qe2 Qc7 11. O-O-O b5 12. f4 b4 13. Nb1 Bb7 14. Nd2 Nxd4 15.
Bxd4 Rc8 16. Nc4 O-O 17. Rg1 e5 18. Bf2 exf4 19. b3 Bc6 20. Bd4 Bb5 21. Qf2 a5
22. h5 Ne5 23. Nb6 Bxf1 24. Nd5 Qb7 25. Qxf1 a4 26. Qxf4 axb3 27. axb3 Rc6 28.
h6 Rfc8 29. Rg2 Ng6 30. Qh2 Bxg5+ 31. Rxg5 Rxc2+ 32. Qxc2 Rxc2+ 33. Kxc2 gxh6
34. Rf5 Qa6 35. Ra1 Qe2+ 36. Kb1 Qxe4+ 37. Kc1 Qxd4 38. Ra2 Qg1+ 39. Kb2 Kg7
40. Ra8 Qd4+ 41. Kc1 Qd3 42. Nf6 Qc3+ 43. Kd1 Qxb3+ 44. Ke2 Nf8 45. Ne8+ Kg6
46. Rf6+ Kg5 47. Ra5+ Kg4 48. Rxd6 Qf3+ 49. Kd2 Ne6 50. Rad5 h5 51. Rd3 Qf2+
52. Kc1 h4 53. Rc6 Qe1+ 54. Rd1 Qe3+ 55. Rd2 Nd4 56. Rc4 Qxe8 57. Rdxd4+ Kg5
58. Rg4+ Kh6 59. Rxh4+ Kg7 60. Rcg4+ Kf8 61. Rxb4 Qe3+ 62. Kc2 h5 63. Rbe4 Qc5+
64. Kd3 1/2-1/2

[Event "XXV Festival Conca della Presolana A"]
[Site "Bratto - Castione della Presolana ITA"]
[Date "2005.08.20"]
[Round "1"]
[White "Sautto, Daniele"]
[Black "Palac, Mladen"]
[Result "0-1"]
[WhiteElo "2136"]
[BlackElo "2566"]
[PlyCount "50"]
[EventDate "2005.08.20"]

1. e4 c5 2. c3 Nf6 3. e5 Nd5 4. d4 cxd4 5. Nf3 Nc6 6. cxd4 d6 7. Bc4 Nb6 8. Bb3
dxe5 9. d5 Na5 10. Nc3 Bg4 11. Ba4+ Nxa4 12. Qxa4+ Bd7 13. Qe4 f6 14. O-O Rc8
15. Nxe5 fxe5 16. Qxe5 Nc4 17. Qe2 g6 18. Bg5 h6 19. Bf6 Rh7 20. d6 Nxd6 21.
Rfe1 Kf7 22. Be5 Kg8 23. Rad1 Rf7 24. Ne4 Qb6 25. Bd4 Qb5 0-1

[Event "XXV Festival Conca della Presolana A"]
[Site "Bratto - Castione della Presolana ITA"]
[Date "2005.08.20"]
[Round "1"]
[White "Sax, Gyula"]
[Black "Dvirnyy, Danyyil"]
[Result "1/2-1/2"]
[WhiteElo "2568"]
[BlackElo "2141"]
[PlyCount "110"]
[EventDate "2005.08.20"]

1. e4 c5 2. Nf3 d6 3. d4 cxd4 4. Nxd4 Nf6 5. Nc3 g6 6. g3 Bg7 7. Bg2 O-O 8. O-O
Nc6 9. Nde2 Be6 10. h3 Qd7 11. Nf4 Bc4 12. Re1 Rac8 13. Bd2 e6 14. Be3 b6 15.
g4 h6 16. Qd2 Rfd8 17. Rad1 Qc7 18. Nd3 h5 19. g5 Nd7 20. b3 Ba6 21. Ne2 Nde5
22. c4 Nxd3 23. Qxd3 b5 24. cxb5 Ne5 25. Qb1 Bxb5 26. Nd4 Ba6 27. f4 Nc6 28.
Ne2 Nb4 29. Rd2 Qa5 30. Red1 Rc7 31. f5 Be5 32. fxe6 fxe6 33. Nd4 Rc3 34. Bf2
Rdc8 35. a3 Nd3 36. Nf3 Rc1 37. Qa2 R8c2 38. Qxc2 Rxc2 39. Rxc2 Qxa3 40. Nxe5
Nxe5 41. Rc3 Qa5 42. Bd4 Nd7 43. Rc6 Be2 44. Ra1 Qb4 45. Rc8+ Kf7 46. Bf2 a6
47. Rc7 Ke8 48. Rac1 e5 49. Rc8+ Ke7 50. Rg8 Kf7 51. Rh8 Nc5 52. Rh7+ Ke6 53.
h4 Nxe4 54. Bxe4 Qxe4 55. Re1 Qg4+ 1/2-1/2

[Event "XXV Festival Conca della Presolana A"]
[Site "Bratto - Castione della Presolana ITA"]
[Date "2005.08.20"]
[Round "1"]
[White "Sedina, Elena"]
[Black "Alberton, Roberto"]
[Result "1-0"]
[WhiteElo "2402"]
[BlackElo "2108"]
[PlyCount "85"]
[EventDate "2005.08.20"]

1. e4 e6 2. d4 d5 3. e5 c5 4. c3 Nc6 5. Nf3 Bd7 6. Be2 Qb6 7. O-O f6 8. dxc5
Bxc5 9. b4 Be7 10. Bf4 fxe5 11. Nxe5 Nxe5 12. Bxe5 Bf6 13. Bd3 O-O-O 14. Qe2
Bxe5 15. Qxe5 Nf6 16. Nd2 Ng4 17. Qg3 e5 18. h3 e4 19. Bxe4 dxe4 20. Nc4 Qc7
21. Nd6+ Kb8 22. hxg4 Be6 23. Nxe4 Qxg3 24. Nxg3 Bxg4 25. f3 Rd3 26. Rfe1 Rhd8
27. Re7 Bc8 28. Ne4 R8d7 29. Rxd7 Rxd7 30. Kf2 b6 31. a4 Bb7 32. Ke3 Kc7 33. c4
h6 34. Rc1 Bxe4 35. fxe4 a5 36. b5 Kb7 37. c5 bxc5 38. Rxc5 Rd1 39. e5 Rg1 40.
Kf3 Re1 41. Kf4 Rf1+ 42. Ke4 g5 43. e6 1-0

[Event "XXV Festival Conca della Presolana A"]
[Site "Bratto - Castione della Presolana ITA"]
[Date "2005.08.20"]
[Round "1"]
[White "Simonini, Roberto"]
[Black "Lucaroni, Massimiliano"]
[Result "0-1"]
[WhiteElo "2065"]
[BlackElo "2318"]
[PlyCount "42"]
[EventDate "2005.08.20"]

1. e4 e5 2. d4 exd4 3. Qxd4 Nc6 4. Qe3 g6 5. Nc3 Bg7 6. Bd2 Nf6 7. O-O-O O-O 8.
Bc4 Re8 9. Qf4 Ne5 10. Be2 d5 11. exd5 Nxd5 12. Qg3 c6 13. h4 h5 14. Nh3 Bf5
15. Nf4 Nb4 16. Bxh5 Qa5 17. Bxg6 Nxg6 18. a3 Bxc3 19. Nxg6 Bxd2+ 20. Rxd2 fxg6
21. h5 Na2+ 0-1

[Event "XXV Festival Conca della Presolana A"]
[Site "Bratto - Castione della Presolana ITA"]
[Date "2005.08.20"]
[Round "1"]
[White "Tatai, Stefano"]
[Black "Ticozzi, Stefano"]
[Result "1-0"]
[WhiteElo "2370"]
[BlackElo "2088"]
[PlyCount "81"]
[EventDate "2005.08.20"]

1. e4 c5 2. Nf3 Nc6 3. Bb5 e6 4. Bxc6 bxc6 5. d3 d6 6. e5 d5 7. c4 Ne7 8. Bg5
Qa5+ 9. Qd2 Qxd2+ 10. Bxd2 Nf5 11. Bc3 h5 12. Na3 Rb8 13. O-O-O Be7 14. Nc2 Ba6
15. b3 g5 16. h3 Kd7 17. g4 Nh6 18. Rhg1 Rbg8 19. Rg2 Rg7 20. Rdg1 hxg4 21.
hxg4 Ng8 22. Bb2 Rhh7 23. Ne3 f6 24. Nd1 fxe5 25. Nxe5+ Kd6 26. Re1 d4 27. Nf3
Rh3 28. Ng1 Rh1 29. f3 Rgh7 30. Rge2 Bc8 31. Nf2 R1h2 32. Ne4+ Kc7 33. Ba3 Rxe2
34. Rxe2 Rh1 35. Rg2 Bd6 36. Bxc5 Bxc5 37. Nxc5 Nf6 38. Kc2 Kd6 39. b4 Ke5 40.
Kd2 Nd7 41. Ne4 1-0

[Event "XXV Festival Conca della Presolana A"]
[Site "Bratto - Castione della Presolana ITA"]
[Date "2005.08.20"]
[Round "1"]
[White "Temi, Walter"]
[Black "Mantovani, Renzo"]
[Result "1-0"]
[WhiteElo "2092"]
[BlackElo "2371"]
[PlyCount "57"]
[EventDate "2005.08.20"]

1. e4 c5 2. Nf3 d6 3. c3 Nf6 4. Be2 Bd7 5. d3 Bc6 6. O-O c4 7. e5 cxd3 8. Bxd3
Ng4 9. e6 fxe6 10. Ng5 Nf6 11. Nxe6 Qc8 12. Re1 Bd7 13. Ng5 g6 14. Na3 Nc6 15.
Nc4 e5 16. Qb3 Ng4 17. Nf7 Be6 18. Nxh8 Qd8 19. h3 Nxf2 20. Kxf2 Qh4+ 21. g3
Qf6+ 22. Kg2 O-O-O 23. Rf1 Bd5+ 24. Kh2 Qe6 25. Nf7 e4 26. Nxd8 Nxd8 27. Be2
Qe7 28. Nb6+ axb6 29. Qxd5 1-0

[Event "XXV Festival Conca della Presolana A"]
[Site "Bratto - Castione della Presolana ITA"]
[Date "2005.08.20"]
[Round "1"]
[White "Turci, Alberto"]
[Black "Salami, Marco"]
[Result "1/2-1/2"]
[WhiteElo "2013"]
[BlackElo "2221"]
[PlyCount "85"]
[EventDate "2005.08.20"]

1. f4 e5 2. fxe5 d6 3. exd6 Bxd6 4. Nf3 g5 5. d4 g4 6. Ne5 Bxe5 7. dxe5 Qxd1+
8. Kxd1 Nc6 9. Nc3 Be6 10. Bg5 h6 11. Bh4 Nge7 12. e3 O-O-O+ 13. Bd3 Rhe8 14.
Bf6 Rd7 15. Ke2 Nb4 16. Rhf1 Ned5 17. Ne4 Nxd3 18. cxd3 b6 19. Bh4 Kb7 20. Nf6
Nxf6 21. Bxf6 c5 22. b3 a5 23. Rf4 Rc8 24. Rc1 h5 25. Rc3 b5 26. Bh4 Rc6 27.
Bg5 Rc8 28. Bf6 Bd5 29. Kf2 Be6 30. Ke2 Rdc7 31. Kf2 b4 32. Rc2 a4 33. bxa4 Ra8
34. d4 Rxa4 35. dxc5 Bxa2 36. Rb2 Rxc5 37. Rbxb4+ Rxb4 38. Rxb4+ Kc6 39. Rb2
Be6 40. Kg3 Kd5 41. Kh4 Ke4 42. Kxh5 Kxe3 43. Kh4 1/2-1/2

[Event "XXV Festival Conca della Presolana A"]
[Site "Bratto - Castione della Presolana ITA"]
[Date "2005.08.20"]
[Round "1"]
[White "Virzi, Ettore"]
[Black "Ranieri, Fabrizio"]
[Result "0-1"]
[WhiteElo "2008"]
[BlackElo "2204"]
[PlyCount "78"]
[EventDate "2005.08.20"]

1. e4 e6 2. d4 d5 3. Nc3 Nf6 4. e5 Nfd7 5. f4 c5 6. Nf3 Nc6 7. Be3 cxd4 8. Nxd4
Qb6 9. Qd2 Qxb2 10. Rb1 Qa3 11. Ndb5 Qa5 12. Nxd5 Qxd2+ 13. Kxd2 exd5 14. Nc7+
Kd8 15. Nxa8 b6 16. Bxb6+ Nxb6 17. Nxb6 axb6 18. Rxb6 Kc7 19. Rb2 Bb4+ 20. Kd1
Be6 21. a4 d4 22. Ke2 Bc3 23. Rb1 Nb4 24. Kf3 Nxc2 25. Rc1 Bd5+ 26. Kf2 Nb4 27.
Bb5 Bc6 28. Rhd1 Rd8 29. Bxc6 Nxc6 30. h3 Ra8 31. f5 Rxa4 32. e6 fxe6 33. fxe6
Ra8 34. Rc2 Re8 35. Re2 Kd6 36. Re3 Kc5 37. Rg3 g6 38. Rc1 Kc4 39. Rg4 Ne5 0-1

[Event "XXV Festival Conca della Presolana A"]
[Site "Bratto - Castione della Presolana ITA"]
[Date "2005.08.20"]
[Round "1"]
[White "Vocaturo, Daniele"]
[Black "Osuna Munoz, Xavier"]
[Result "1-0"]
[WhiteElo "2372"]
[BlackElo "2092"]
[PlyCount "90"]
[EventDate "2005.08.20"]

1. e4 c5 2. Nf3 Nc6 3. d4 cxd4 4. Nxd4 e5 5. Nb5 a6 6. Nd6+ Bxd6 7. Qxd6 Qf6 8.
Qxf6 Nxf6 9. Nc3 Nd4 10. Bd3 h6 11. Be3 Ne6 12. O-O b5 13. a4 b4 14. Nd5 Bb7
15. Nxf6+ gxf6 16. a5 Bc6 17. Rfd1 h5 18. f3 Ke7 19. Bc4 d6 20. Rd2 Rhd8 21.
Rad1 Rd7 22. Kf2 h4 23. Rd3 Ba4 24. R1d2 Nc5 25. Rxd6 Rc8 26. Rxd7+ Bxd7 27. b3
Be6 28. Bxe6 Nxe6 29. Ke2 Rc3 30. h3 Nd4+ 31. Bxd4 exd4 32. Kd1 Rc5 33. Rxd4
Rxa5 34. Rxb4 Rg5 35. e5 fxe5 36. Rg4 Rh5 37. c4 Kd6 38. Kc2 Kc5 39. Kc3 a5 40.
f4 f6 41. fxe5 fxe5 42. Rg6 Rf5 43. Ra6 Rg5 44. Rxa5+ Kc6 45. Ra6+ Kc5 1-0

[Event "XXV Festival Conca della Presolana A"]
[Site "Bratto - Castione della Presolana ITA"]
[Date "2005.08.20"]
[Round "1"]
[White "Zoldan, Matteo"]
[Black "Salvador, Roland"]
[Result "1-0"]
[WhiteElo "2114"]
[BlackElo "2416"]
[PlyCount "68"]
[EventDate "2005.08.20"]

1. e4 c5 2. Nf3 Nc6 3. d4 cxd4 4. Nxd4 e5 5. Nb5 d6 6. N1c3 a6 7. Na3 Nf6 8.
Bg5 Be6 9. Nc4 Rc8 10. Nd5 Bxd5 11. Bxf6 gxf6 12. Qxd5 Nd4 13. Bd3 b5 14. Ne3
Qa5+ 15. Kf1 Be7 16. Qb7 Qc7 17. Qxa6 O-O 18. Nd5 Qd7 19. c3 Ra8 20. Bxb5 Qg4
21. Nxe7+ Kg7 22. Qb7 Rxa2 23. Re1 Rxb2 24. cxd4 Qf4 25. Nf5+ Kh8 26. f3 Rg8
27. Qxf7 Qg5 28. Rg1 Rxb5 29. h4 Qg6 30. Qxg6 hxg6 31. Nxd6 Rb2 32. dxe5 Ra8
33. Nc4 Rc2 34. Ne3 Rb2 1-0

[Event "XXV Festival Conca della Presolana A"]
[Site "Bratto - Castione della Presolana ITA"]
[Date "2005.08.21"]
[Round "2"]
[White "Alberton, Roberto"]
[Black "Bertagia, Roldano"]
[Result "1-0"]
[WhiteElo "2108"]
[BlackElo "2002"]
[PlyCount "83"]
[EventDate "2005.08.20"]

1. Nf3 d5 2. d4 e6 3. c4 Nf6 4. Nc3 Be7 5. Bg5 Nbd7 6. e3 h6 7. Bh4 c6 8. Qc2
O-O 9. a3 Qa5 10. c5 Qd8 11. Bd3 b6 12. b4 bxc5 13. bxc5 Qa5 14. O-O Ba6 15.
Ne5 Bxd3 16. Qxd3 Qc7 17. f4 Rfb8 18. Rfb1 Nxe5 19. fxe5 Nh7 20. Bxe7 Qxe7 21.
Rb4 f6 22. exf6 Nxf6 23. Rab1 Rxb4 24. axb4 a6 25. Ra1 e5 26. b5 exd4 27. exd4
cxb5 28. Nxb5 Ne4 29. Nc3 Nf6 30. h3 Qb7 31. Rb1 Qe7 32. Qf3 Rd8 33. Qe2 Kf7
34. Qxe7+ Kxe7 35. Rb6 Ra8 36. Rb7+ Ke6 37. Na4 Ne4 38. Rxg7 Rb8 39. Nb6 Nc3
40. Kf2 Kf6 41. Ra7 Kf5 42. Re7 1-0

[Event "XXV Festival Conca della Presolana A"]
[Site "Bratto - Castione della Presolana ITA"]
[Date "2005.08.21"]
[Round "2"]
[White "Brancaleoni, Maurizio"]
[Black "Ori, Marco"]
[Result "1-0"]
[WhiteElo "2314"]
[BlackElo "2087"]
[PlyCount "67"]
[EventDate "2005.08.20"]

1. c4 Nf6 2. g3 c6 3. b3 d5 4. Bb2 e6 5. Nf3 Nbd7 6. Qc2 Be7 7. Bg2 O-O 8. O-O
b6 9. d3 Bb7 10. e4 Rc8 11. Qe2 Qc7 12. Nbd2 dxe4 13. dxe4 e5 14. Nh4 Rfe8 15.
f4 Rcd8 16. Kh1 Bc5 17. fxe5 Nxe5 18. Rxf6 gxf6 19. Nf5 Re6 20. Nf3 Ng6 21. Bh3
Bf8 22. c5 bxc5 23. Qe3 Rde8 24. Nh6+ Kh8 25. Bxe6 Rxe6 26. Ng5 Ne5 27. Bxe5
fxe5 28. Nhxf7+ Kg8 29. Nxe6 Qxf7 30. Qg5+ Kh8 31. Qxe5+ Bg7 32. Qxg7+ Qxg7 33.
Nxg7 Kxg7 34. Rc1 1-0

[Event "XXV Festival Conca della Presolana A"]
[Site "Bratto - Castione della Presolana ITA"]
[Date "2005.08.21"]
[Round "2"]
[White "Brigati, Alessandro"]
[Black "Kidane, Robel"]
[Result "0-1"]
[WhiteElo "2034"]
[BlackElo "2120"]
[PlyCount "74"]
[EventDate "2005.08.20"]

1. Nf3 Nf6 2. d4 g6 3. Bf4 Bg7 4. e3 d6 5. h3 O-O 6. Bc4 Nbd7 7. Nbd2 c6 8. c3
Re8 9. Qb3 d5 10. Be2 h6 11. Ne5 Nxe5 12. Bxe5 Nd7 13. Bxg7 Kxg7 14. Nf3 e5 15.
dxe5 Nxe5 16. Nxe5 Rxe5 17. Qb4 Re4 18. Qb3 Qh4 19. g3 Qf6 20. Qc2 b5 21. Bd3
Re7 22. O-O-O Rb8 23. e4 dxe4 24. Bxe4 Qe6 25. Rhe1 Qxa2 26. Bd5 cxd5 27. Rxe7
Bf5 28. Qe2 Qb1+ 29. Kd2 Qxb2+ 30. Ke1 Qxc3+ 31. Kf1 b4 32. Kg2 b3 33. g4 Bc2
34. Rd2 Be4+ 35. f3 b2 36. fxe4 b1=Q 37. exd5 Qxd2 0-1

[Event "XXV Festival Conca della Presolana A"]
[Site "Bratto - Castione della Presolana ITA"]
[Date "2005.08.21"]
[Round "2"]
[White "Brunner, Nicolas"]
[Black "Capone, Vincenzo"]
[Result "1-0"]
[WhiteElo "2386"]
[BlackElo "2123"]
[PlyCount "105"]
[EventDate "2005.08.20"]

1. d4 Nf6 2. c4 g6 3. Nc3 Bg7 4. e4 d6 5. Nf3 O-O 6. Be2 e5 7. O-O Nc6 8. d5
Ne7 9. Ne1 Nd7 10. Be3 f5 11. f3 f4 12. Bf2 g5 13. a4 a5 14. Nd3 b6 15. Be1 h5
16. h3 Nf6 17. Nf2 Kh8 18. Nb5 Neg8 19. b4 Nh6 20. bxa5 bxa5 21. c5 Rf7 22.
cxd6 cxd6 23. Rc1 Bf8 24. Qc2 Ne8 25. Na3 Rg7 26. Nc4 g4 27. fxg4 hxg4 28. hxg4
Nxg4 29. Nxg4 Bxg4 30. Bxg4 Rxg4 31. Qb3 Nf6 32. Qh3+ Kg7 33. Rb1 Ra7 34. Bh4
Rg6 35. Rb6 Qd7 36. Bxf6+ Rxf6 37. Qxd7+ Rxd7 38. Nxa5 Ra7 39. Rb5 Kg8 40. Rf3
Rg6 41. Ra3 Rg3 42. Rf3 Rg6 43. Kf1 Rh7 44. Rh3 Rhg7 45. Rb7 Rxg2 46. Rxg7+
Rxg7 47. Ra3 Ra7 48. Nc6 Ra6 49. a5 Kf7 50. Rb3 Bh6 51. Rb6 Ra8 52. a6 Bg5 53.
a7 1-0

[Event "XXV Festival Conca della Presolana A"]
[Site "Bratto - Castione della Presolana ITA"]
[Date "2005.08.21"]
[Round "2"]
[White "Buono, Michele"]
[Black "Vaccari, Sergio"]
[Result "1/2-1/2"]
[WhiteElo "2133"]
[BlackElo "2063"]
[PlyCount "90"]
[EventDate "2005.08.20"]

1. e4 e5 2. Bc4 Nf6 3. Nc3 Bc5 4. d3 d6 5. Na4 Bb6 6. Nxb6 axb6 7. f4 exf4 8.
Bxf4 Be6 9. Bb3 Bxb3 10. axb3 Rxa1 11. Qxa1 Na6 12. Nf3 h6 13. O-O O-O 14. Qc1
Kh7 15. Nd4 Nc5 16. Nf5 Ng8 17. Rf3 Ne6 18. Be3 Ng5 19. Rg3 f6 20. h4 Ne6 21.
Qd1 Qe8 22. Bc1 g6 23. Ne3 h5 24. Nd5 b5 25. Qd2 c6 26. Nf4 Nxf4 27. Qxf4 Qe5
28. c3 Re8 29. Rf3 Qe6 30. Kh2 Qe5 31. Rf2 Qxf4+ 32. Bxf4 Re6 33. Kg3 Kg7 34.
Kf3 Ne7 35. Rf1 d5 36. Ra1 dxe4+ 37. dxe4 f5 38. exf5 Nxf5 39. g3 b4 40. Rd1
bxc3 41. bxc3 Kf7 42. Rd8 b6 43. Rd7+ Re7 44. Rd8 Re6 45. Rd7+ Re7 1/2-1/2

[Event "XXV Festival Conca della Presolana A"]
[Site "Bratto - Castione della Presolana ITA"]
[Date "2005.08.21"]
[Round "2"]
[White "Campini, Marco"]
[Black "Agnelli, Francesco"]
[Result "1/2-1/2"]
[WhiteElo "2130"]
[BlackElo "2055"]
[PlyCount "66"]
[EventDate "2005.08.20"]

1. e4 c5 2. Nf3 Nc6 3. d4 cxd4 4. Nxd4 e5 5. Nb3 Nf6 6. Bg5 h6 7. Bxf6 Qxf6 8.
Bc4 Qg6 9. Qf3 Bb4+ 10. c3 Be7 11. N1d2 O-O 12. Nf1 Bd8 13. Ne3 Ne7 14. Rd1 Bb6
15. O-O d6 16. Rd2 Bc7 17. Kh1 Bd7 18. Nc1 Kh8 19. Ne2 Rad8 20. Ng3 Qg5 21.
Rfd1 g6 22. Rxd6 Bxd6 23. Rxd6 Be6 24. Rxd8 Rxd8 25. Bxe6 fxe6 26. Qf7 Ng8 27.
h3 Qf6 28. Qxb7 Qxf2 29. Qc7 Rd2 30. Qxe5+ Nf6 31. Ngf5 gxf5 32. Qxf6+ Kg8 33.
Qg6+ Kh8 1/2-1/2

[Event "XXV Festival Conca della Presolana A"]
[Site "Bratto - Castione della Presolana ITA"]
[Date "2005.08.21"]
[Round "2"]
[White "Cardini, Saverio"]
[Black "Gardi, Giuseppe"]
[Result "1/2-1/2"]
[WhiteElo "2010"]
[BlackElo "2099"]
[PlyCount "109"]
[EventDate "2005.08.20"]

1. d4 g6 2. Nf3 Bg7 3. e4 c6 4. c3 d6 5. Bd3 Qc7 6. Be3 Nd7 7. O-O Ngf6 8. h3
O-O 9. Re1 e5 10. Qd2 Re8 11. Bh6 Nf8 12. Bxg7 Kxg7 13. Qc2 Nh5 14. Nbd2 Nf4
15. Bf1 h6 16. Kh2 Nh7 17. g3 Ne6 18. dxe5 dxe5 19. Bg2 Neg5 20. Nxg5 Nxg5 21.
h4 Nh7 22. Rad1 Be6 23. Nb3 b6 24. Bh3 g5 25. Bxe6 Rxe6 26. Rd3 Qe7 27. Kh3 Rf6
28. Qe2 Qe6+ 29. Kg2 gxh4 30. gxh4 Rg6+ 31. Rg3 Rg8 32. Rg1 Rxg3+ 33. fxg3 Nf6
34. Nd2 Kh7 35. Qf3 Qg4 36. Qxg4 Nxg4 37. Kf3 h5 38. Nc4 Rd8 39. Rg2 Rd3+ 40.
Ke2 Rd7 41. Kf3 Kg6 42. Rd2 Rxd2 43. Nxd2 Kf6 44. Nc4 Ke6 45. b3 f5 46. exf5+
Kxf5 47. Nd6+ Ke6 48. Ne4 c5 49. c4 Nh2+ 50. Kg2 Ng4 51. Kf3 Nh6 52. Ng5+ Kf5
53. Ne4 Ke6 54. Ng5+ Kf5 55. Ne4 1/2-1/2

[Event "XXV Festival Conca della Presolana A"]
[Site "Bratto - Castione della Presolana ITA"]
[Date "2005.08.21"]
[Round "2"]
[White "Castaldo, Folco"]
[Black "Temi, Walter"]
[Result "1-0"]
[WhiteElo "2352"]
[BlackElo "2092"]
[PlyCount "63"]
[EventDate "2005.08.20"]

1. e4 b6 2. d4 Bb7 3. Nc3 e6 4. a3 Nf6 5. Bd3 d5 6. e5 Nfd7 7. Nce2 c5 8. c3 c4
9. Bc2 Nc6 10. Nf4 Qe7 11. Nf3 O-O-O 12. h4 f6 13. exf6 gxf6 14. Qe2 Qf7 15.
Be3 Bd6 16. O-O-O b5 17. g4 Rhe8 18. Rhg1 Nf8 19. g5 e5 20. dxe5 Nxe5 21. Nd4
fxg5 22. hxg5 Nc6 23. Qg4+ Kb8 24. Nxb5 Be5 25. g6 hxg6 26. Nxg6 Bc8 27. Nxe5
Bxg4 28. Nxf7 Bxd1 29. Nxd8 Bxc2 30. Nxc6+ Kb7 31. Nd6+ Kxc6 32. Nxe8 1-0

[Event "XXV Festival Conca della Presolana A"]
[Site "Bratto - Castione della Presolana ITA"]
[Date "2005.08.21"]
[Round "2"]
[White "Cazzaniga, Walter"]
[Black "Cecchetto, Vanni"]
[Result "0-1"]
[WhiteElo "2123"]
[BlackElo "2019"]
[PlyCount "72"]
[EventDate "2005.08.20"]

1. d4 Nf6 2. c4 c5 3. d5 e6 4. Nc3 exd5 5. cxd5 d6 6. Nf3 g6 7. h3 Bg7 8. e4
O-O 9. Bd3 b5 10. Bxb5 Nxe4 11. Nxe4 Qa5+ 12. Nfd2 Qxb5 13. Nxd6 Qa6 14. N2c4
Rd8 15. Bf4 Bf8 16. Qe2 Bxd6 17. Nxd6 Qxe2+ 18. Kxe2 Ba6+ 19. Kf3 Nd7 20. Rac1
f6 21. Rhd1 Rab8 22. b3 Rb4 23. Rd2 Rd4 24. Ne4 g5 25. Rxd4 cxd4 26. Bd2 Bb7
27. Ba5 Re8 28. Rc7 Bxd5 29. Rxd7 Bxe4+ 30. Kg3 d3 31. Rxa7 Bg6 32. Rd7 Re2 33.
b4 Rxa2 34. Bd8 d2 35. Bxf6 Ra3+ 36. f3 Rd3 0-1

[Event "XXV Festival Conca della Presolana A"]
[Site "Bratto - Castione della Presolana ITA"]
[Date "2005.08.21"]
[Round "2"]
[White "Cedriano, Filippo"]
[Black "Femiano, Andrea"]
[Result "1/2-1/2"]
[WhiteElo "2005"]
[BlackElo "2177"]
[PlyCount "82"]
[EventDate "2005.08.20"]

1. Nf3 c5 2. c4 b6 3. g3 Bb7 4. Bg2 Nf6 5. O-O g6 6. Nc3 Bg7 7. Re1 O-O 8. e4
d6 9. d4 cxd4 10. Nxd4 Nfd7 11. Be3 Na6 12. Rc1 h5 13. h3 Ndc5 14. a3 Qd7 15.
b4 Ne6 16. Qd2 Nac7 17. Nd5 Nxd4 18. Bxd4 Bxd4 19. Qxd4 Ne6 20. Qd2 Kh7 21. e5
Ng7 22. exd6 Qxd6 23. Nf6+ Qxf6 24. Bxb7 Rad8 25. Qe2 Rd7 26. Bg2 Rfd8 27. Qe5
Qxe5 28. Rxe5 h4 29. c5 bxc5 30. bxc5 Ne6 31. c6 Rd1+ 32. Re1 Rxe1+ 33. Rxe1
hxg3 34. fxg3 Rd3 35. Rc1 Rxg3 36. c7 Nxc7 37. Rxc7 Rxa3 38. Rxe7 Kg7 39. Bd5
Rxh3 40. Rxf7+ Kh6 41. Rxa7 Re3 1/2-1/2

[Event "XXV Festival Conca della Presolana A"]
[Site "Bratto - Castione della Presolana ITA"]
[Date "2005.08.21"]
[Round "2"]
[White "Cereda, Loris"]
[Black "Bonanno, Alessandro"]
[Result "0-1"]
[WhiteElo "2059"]
[BlackElo "2132"]
[PlyCount "64"]
[EventDate "2005.08.20"]

1. e4 c5 2. Nc3 Nc6 3. f4 g6 4. Nf3 Bg7 5. Bb5 Nd4 6. O-O a6 7. Bd3 d6 8. Nxd4
cxd4 9. Ne2 Nf6 10. c3 dxc3 11. dxc3 Qb6+ 12. Kh1 O-O 13. Ng3 Bd7 14. Qe2 h5
15. Be3 Qc7 16. Qf3 Bc6 17. Bd4 e5 18. fxe5 dxe5 19. Be3 Ng4 20. Bc5 Rfd8 21.
h3 Nh6 22. Qe3 b6 23. Ba3 Qb7 24. Bc4 Kh7 25. Rf2 h4 26. Ne2 Bxe4 27. Qg5 Nf5
28. Kh2 b5 29. Bb3 Rd3 30. Bc2 Rg3 31. Qd2 Bxc2 32. Qxc2 Ne3 0-1

[Event "XXV Festival Conca della Presolana A"]
[Site "Bratto - Castione della Presolana ITA"]
[Date "2005.08.21"]
[Round "2"]
[White "Costantini, Roberto"]
[Black "Cebalo, Miso"]
[Result "0-1"]
[WhiteElo "2291"]
[BlackElo "2511"]
[PlyCount "76"]
[EventDate "2005.08.20"]

1. e4 c5 2. Nf3 d6 3. c3 Nf6 4. Be2 Bg4 5. h3 Bh5 6. d3 e6 7. Nbd2 Nc6 8. O-O
Be7 9. Nh2 Bxe2 10. Qxe2 d5 11. e5 Nd7 12. f4 Qc7 13. a3 a6 14. Ndf3 O-O 15.
Bd2 Rae8 16. Ng5 f6 17. d4 cxd4 18. cxd4 Qb6 19. Bc3 f5 20. Nhf3 Na7 21. Qd2 g6
22. Kh1 Qb3 23. Qf2 Nb6 24. Nd2 Qb5 25. b3 Rc8 26. Bb2 Na4 27. bxa4 Qxb2 28.
Rab1 Qxa3 29. Ra1 Qc3 30. Ndf3 Nc6 31. Rfc1 Qa5 32. Qa2 Rc7 33. Qb3 Rfc8 34.
Re1 Nb4 35. g4 Rc3 36. Qb1 Rd3 37. gxf5 exf5 38. Qb2 Rcc3 0-1

[Event "XXV Festival Conca della Presolana A"]
[Site "Bratto - Castione della Presolana ITA"]
[Date "2005.08.21"]
[Round "2"]
[White "De Santis, Alessio"]
[Black "Hunt, Adam C."]
[Result "0-1"]
[WhiteElo "2251"]
[BlackElo "2427"]
[PlyCount "92"]
[EventDate "2005.08.20"]

1. d4 Nf6 2. c4 g6 3. Nc3 Bg7 4. e4 d6 5. f3 O-O 6. Be3 c5 7. d5 e6 8. Qd2 exd5
9. cxd5 a6 10. a4 Re8 11. Ra3 h5 12. h4 Nbd7 13. Nh3 Ne5 14. Nf2 Bd7 15. Be2
Nh7 16. Bh6 Bf6 17. g3 b5 18. axb5 axb5 19. Rxa8 Qxa8 20. O-O b4 21. Ncd1 Bb5
22. Kg2 Qa6 23. Bxb5 Qxb5 24. f4 Nf3 25. Qe3 Nd4 26. Qd2 Bh8 27. Ne3 Nf6 28. f5
Kh7 29. fxg6+ fxg6 30. Bf4 Qa6 31. e5 Nxd5 32. Ne4 Nxf4+ 33. Rxf4 Bxe5 34. Ng5+
Kg8 35. Rf2 Bg7 36. b3 Bh6 37. g4 Qa8+ 38. Kg3 Bxg5 39. hxg5 Qe4 40. Ng2 Qxg4+
41. Kh2 Nf3+ 42. Rxf3 Qxf3 43. Qxd6 Qf5 44. Nf4 Qc2+ 45. Ng2 Qf5 46. Nf4 Qxg5
0-1

[Event "XXV Festival Conca della Presolana A"]
[Site "Bratto - Castione della Presolana ITA"]
[Date "2005.08.21"]
[Round "2"]
[White "Defend, Guerrino"]
[Black "Miatello, Alberto"]
[Result "0-1"]
[WhiteElo "2000"]
[BlackElo "2095"]
[PlyCount "78"]
[EventDate "2005.08.20"]

1. d4 Nf6 2. Nf3 g6 3. Bf4 Bg7 4. e3 O-O 5. h3 d6 6. Be2 Nbd7 7. O-O Re8 8. Bh2
b6 9. c4 Bb7 10. Nc3 e5 11. Re1 e4 12. Nd2 a6 13. Qc2 Qe7 14. b4 c5 15. bxc5
bxc5 16. d5 h5 17. Rab1 Rab8 18. a4 Nf8 19. a5 N8h7 20. Rb6 Rbd8 21. Reb1 Bc8
22. Rb8 Nd7 23. R8b3 f5 24. Na4 Be5 25. Bxe5 Qxe5 26. Nb6 Nxb6 27. Rxb6 f4 28.
Nf1 Rf8 29. f3 Qg5 30. Kh1 fxe3 31. Re1 Bxh3 32. Bd1 Bf5 33. Nxe3 Qh4+ 34. Kg1
Qxe1+ 35. Nf1 exf3 36. Qd2 f2+ 37. Qxf2 Qxd1 38. Qg3 Bd3 39. Rxd6 Rxf1+ 0-1

[Event "XXV Festival Conca della Presolana A"]
[Site "Bratto - Castione della Presolana ITA"]
[Date "2005.08.21"]
[Round "2"]
[White "Dervishi, Erald"]
[Black "Mosconi, Ariel Oscar"]
[Result "1-0"]
[WhiteElo "2482"]
[BlackElo "2102"]
[PlyCount "63"]
[EventDate "2005.08.20"]

1. e4 e5 2. Nf3 Nf6 3. Nxe5 d6 4. Nf3 Nxe4 5. d4 d5 6. Bd3 Nc6 7. O-O Bg4 8.
Re1 Be7 9. c3 Nf6 10. Bg5 O-O 11. Nbd2 Bh5 12. Qb3 b6 13. Qa4 Nb8 14. Ne5 Bg6
15. Nxg6 fxg6 16. Nf3 c6 17. Ne5 b5 18. Qb3 a5 19. a4 b4 20. c4 Ra7 21. Rac1
Nh5 22. Bxe7 Rxe7 23. cxd5 cxd5 24. Be4 Nf6 25. Bf3 Rfe8 26. h3 Re6 27. Rc5 Nc6
28. Bxd5 Nxd5 29. Rxd5 Nxd4 30. Qc4 Nf3+ 31. gxf3 Qg5+ 32. Kh2 1-0